Capitales mundiales más cercanas a Ámsterdam - Estadísticas

Estadísticas generales
  • Esta prueba ha sido intentada 41 veces
  • La puntuación promedio es 17 de 20
Estadísticas de respuestas
km capital % Correcto
578 Berlín
100%
358 Londres
100%
173 Bruselas
97%
319 Luxemburgo
97%
914 Oslo
97%
430 París
97%
936 Viena
95%
756 Dublin
92%
1125 Estocolmo
92%
631 Berna
89%
622 Copenhague
86%
713 Praga
86%
1098 Varsovia
86%
987 Bratislava
84%
670 Vaduz
84%
989 Liubliana
76%
1086 Zagreb
73%
1126 Andorra la Vieja
62%
979 Mónaco
62%
1091 San Marino
57%
No se encontraron pruebas coincidentes
Distribución de puntuación
Porcentaje de gente con cada puntuación
Porcentaje por número respondido
Historial de tus puntuaciones
No has intentado esta prueba.